| 000 | 00423nam a2200121Ia 4500 | ||
|---|---|---|---|
| 008 | 220615s9999||||xx |||||||||||||| ||und|| | ||
| 100 | _aHasan Arman||Ibrahim Yuksel | ||
| 245 | 0 | _aArid Environments and Sustainability | |
| 546 | _aEnglish[eng] | ||
| 650 | _aLife Sciences||Environmental Sustainability||Environmental Sciences | ||
| 856 | _uhttps://www.intechopen.com/books/arid-environments-and-sustainability | ||
| 942 | _cEB | ||
| 999 |
_c14424 _d14424 |
||